British Pop/Rock Songs By Initials - Statistics

General Stats
  • This quiz has been taken 83 times
  • The average score is 15 of 38
Answer Stats
Initials Musical Act Song Title % Correct
VLV Coldplay Viva la Vida
89%
BR Queen Bohemian Rhapsody
88%
C Radiohead Creep
66%
RITD Adele Rolling in the Deep
63%
DYTIS? Rod Stewart Da Ya Think I'm Sexy?
61%
BSS The Verve Bitter Sweet Symphony
58%
DLBIA Oasis Don't Look Back in Anger
58%
CYFTLT Elton John Can You Feel the Love Tonight
55%
RUTH Kate Bush Running Up That Hill
52%
SOY Ed Sheeran Shape of You
52%
DY(FAM) Simple Minds Don't You (Forget About Me)
50%
SO David Bowie Space Oddity
50%
LMLYD Ellie Goulding Love Me Like You Do
47%
AWSOP Procol Harum A Whiter Shade of Pale
45%
CP Pulp Common People
44%
DSSCTM The Police Don't Stand So Close To Me
42%
WYWH Pink Floyd Wish You Were Here
42%
GAB Blur Girls and Boys
41%
WALHFMF Joe Cocker With a Little Help From My Friends
38%
EINY Sting Englishman in New York
34%
WLL Led Zeppelin Whole Lotta Love
34%
DHFC Chris Rea Driving Home For Christmas
33%
SYL Lewis Capaldi Someone You Loved
31%
SB Bronski Beat Smalltown Boy
30%
ADIP Phil Collins Another Day in Paradise
28%
BIA Dire Straits Brothers in Arms
28%
YKING Amy Winehouse You Know I'm No Good
28%
SFTD Rolling Stones Sympathy for the Devil
23%
TLAWR The Beatles The Long and Winding Road
23%
HDYS? Sam Smith How Do You Sleep?
22%
HMG George Ezra Hold My Girl
19%
TKAQOA Eurythmics The King and Queen of America
19%
ROB Electric Light Orchestra Roll Over Beethoven
17%
LITD Roxy Music Love is the Drug
16%
LSA The Small Faces Lazy Sunday Afternoon
16%
TITL Amy Macdonald This Is The Life
14%
TLLDOB Genesis The Lamb Lies Down on Broadway
11%
CYFH Pet Shop Boys Can You Forgive Her
2%
No matching quizzes found
Score Distribution
Percent of People with Each Score
Percentile by Number Answered
Your Score History
You have not taken this quiz